Bayesovský bodový odhad pravdepodobnosti poistnej udalosti
Gespeichert in:
| 1. Verfasser: | |
|---|---|
| Format: | Buchkapitel |
| Sprache: | Slowakisch |
| Schlagworte: | |
| Tags: |
Keine Tags, Fügen Sie das erste Tag hinzu!
|
MARC
| LEADER | 00000naa$a2200000$$$4500 | ||
|---|---|---|---|
| 001 | 0179971 | ||
| 005 | 20240502073047.8 | ||
| 041 | 0 | |a slo | |
| 044 | |a SK | ||
| 245 | 1 | 0 | |a Bayesovský bodový odhad pravdepodobnosti poistnej udalosti |c Eva Kotlebová |
| 500 | |a Abstrakt | ||
| 610 | 2 | 0 | |a pravdepodobnosť |
| 610 | 2 | 0 | |a poisťovníctvo |
| 610 | 2 | 0 | |a udalosti poistné |
| 610 | 2 | 0 | |a odhad štatistický |
| 100 | 1 | |a Kotlebová, Eva | |